000 00559nam a2200181Ia 4500
999 _c29656
_d29656
003 GCL
005 20240530102059.0
008 140319s9999 xx 000 0 ara d
040 _aGCL /
_cGCL
082 0 4 _a214.296
_bم ت
100 1 _aمحمد جلاء ادريس
245 1 0 _aالتاثير الاسلامى فى الفكر الدينى اليهودى /
_cمحمد جلاء ادريس
260 _a[S.N] :
_bمكتبة مدبولى
300 _a144 ص
650 0 4 _aالاسلام
650 0 4 _aالاسلام واليهودية
942 _2ddc
_cBK